Southville International School and Colleges
Your cart is empty.
  • Cart
  • Lists
    Public lists Eva Luna New books Lux_list list_1
    Your lists Log in to create your own lists
  • Log in to your account
  • Your cookies
  • Search history
Southville International School and Colleges
  • Advanced search
  • Recent comments
  • Most popular
  • Libraries

Log in to your account

Log in with GOOGLE


If you do not have an external account, but do have a local account, you can still log in:

  1. Home
  2. MARC view: Sophocles:Oedipus Rex. /
Normal view MARC view ISBD view

Sophocles:Oedipus Rex. / (Record no. 109825)

[ view plain ]
MARC details
000 -LEADER
fixed length control field 01049nam a2200277 a 4500
005 - DATE AND TIME OF LATEST TRANSACTION
control field 20140414093850.0
008 - FIXED-LENGTH DATA ELEMENTS--GENERAL INFORMATION
fixed length control field 140204s19uu xx 00 eng d
050 ## - LIBRARY OF CONGRESS CALL NUMBER
Classification number PA 4413.07
Item number S66 1957
100 ## - MAIN ENTRY--PERSONAL NAME
Personal name Guthrie, Tyrone
245 ## - TITLE STATEMENT
Title Sophocles:Oedipus Rex. /
Statement of responsibility, etc Tyrone Guthrie.
260 ## - PUBLICATION, DISTRIBUTION, ETC. (IMPRINT)
Place of publication, distribution, etc USA :
Name of publisher, distributor, etc Corinth.
520 ## - SUMMARY, ETC.
Summary, etc The land ruled by King Oedipus is plagued by ill-fortune and the people are promised relief by the gods if the slayer of the former king is apprehended and punished. This does not bode well for King Oedipus and his Queen. (Performed in masks by the Stratford, Ontario, Shakespearean Festival Players.)
650 ## - SUBJECT ADDED ENTRY--TOPICAL TERM
Topical term or geographic name as entry element An Introduction to Oedipus
650 ## - SUBJECT ADDED ENTRY--TOPICAL TERM
Topical term or geographic name as entry element Praise the King
650 ## - SUBJECT ADDED ENTRY--TOPICAL TERM
Topical term or geographic name as entry element A Proclamation
650 ## - SUBJECT ADDED ENTRY--TOPICAL TERM
Topical term or geographic name as entry element The Prophecy of Tiresias
650 ## - SUBJECT ADDED ENTRY--TOPICAL TERM
Topical term or geographic name as entry element Creon, Traitor of friend
650 ## - SUBJECT ADDED ENTRY--TOPICAL TERM
Topical term or geographic name as entry element Rage Against Laius
650 ## - SUBJECT ADDED ENTRY--TOPICAL TERM
Topical term or geographic name as entry element Good News
650 ## - SUBJECT ADDED ENTRY--TOPICAL TERM
Topical term or geographic name as entry element No Son of Polybus
650 ## - SUBJECT ADDED ENTRY--TOPICAL TERM
Topical term or geographic name as entry element The Herdsman
650 ## - SUBJECT ADDED ENTRY--TOPICAL TERM
Topical term or geographic name as entry element Most Miserable of All Men
700 ## - ADDED ENTRY--PERSONAL NAME
Personal name Polonsky ,Abraham
942 ## - ADDED ENTRY ELEMENTS (KOHA)
Koha item type Audio Visual Materials
Holdings
Withdrawn status Lost status Damaged status Use restrictions Home library Current library Shelving location Date acquired Source of acquisition Total Checkouts Full call number Barcode Date last seen Price effective from Koha item type
        Luxembourg Library Luxembourg Library Audio Visual Material Section 02/04/2014     PA 4413.07 S66 1957 AV1520 01/15/2020 04/14/2014 Audio Visual Materials

Sophocles:Oedipus Rex. /

APA

Guthrie, Polonsky, .Sophocles:Oedipus Rex. USA: Corinth.

Chicago

Guthrie, Polonsky, .Sophocles:Oedipus Rex. USA: Corinth.

Harvard

Guthrie, Polonsky, .Sophocles:Oedipus Rex. USA: Corinth.

MLA

Guthrie, Polonsky, .USA: Corinth. .

  • Place hold
  • Print
  • Cite
  • Add to your cart (remove)
  • Save record
    BIBTEX Dublin Core MARCXML MARC (non-Unicode/MARC-8) MARC (Unicode/UTF-8) MARC (Unicode/UTF-8, Standard) MODS (XML) RIS
  • More searches
    Search for this title in:
    Other Libraries (WorldCat) Other Databases (Google Scholar) Online Stores (Bookfinder.com) Open Library (openlibrary.org)

Exporting to Dublin Core...

SOUTHVILLE LIBRARY

Southville International School and Colleges Library

1281 Tropical Ave. Cor. Luxembourg St., BF Homes International, Las Pinas City

Tel. No. 8256374 / 252358 Loc. 117/146

Powered by Koha